000 00580cam a22002051i 4500
001 sa 64003518
003 DLC
005 20260227112018.0
008 830425s1963 io 000 1 ind
010 _asa 64003518
025 _aPL480:Indo-15
035 _a(OCoLC)9444806
040 _aDLC
_cOAU
_dWU
_dDLC
042 _apremarc
050 0 0 _aPL5089.M37
_bP4
100 1 _aMattalioe, M. Bahar
_q(Muhammad Bahar),
_d1924-
245 1 0 _aPerahu lajar "Mappasikuwae" :
_bRoman revolusi /
_coleh Bahar Mattalioe.
260 _aDjakarta :
_bTekad,
_c1963.
300 _a52 p. ;
_c18 cm.
999 _c57983
_d57983